| 000 | 01387nam a2200277 a 4500 | ||
|---|---|---|---|
| 003 | EG-GiCUC | ||
| 008 | 061008s1985 su b g 000 0 ara d | ||
| 040 |
_aEG-GiCUC _bara _cEG-GiCUC |
||
| 050 | 4 |
_aDT39 _bR36 1985 |
|
| 092 | 0 | 4 |
_a909.096533 _bR174 _221 |
| 099 |
_a04 _a909.096533 R174 |
||
| 100 | 1 |
_aالرمال : غسان على محمد : _d1950 او 1 |
|
| 245 | 1 | 0 |
_aصراع المسلمين مع البرتغاليين فى البحر الاحمر خلال القرن العاشر الهجري-السادس عشر الميلادى / _cغسان على محمد الرمال |
| 260 |
_a[جدة : _bد.ن] : _c1985 _e(جدة : _fدار العلم للطباعة و النشر) |
||
| 300 |
_a354ص : _bخرائط ؛ _c24سم |
||
| 500 | _aالنسخة رقم (162765) اهداء ا.د.حسنين محمد ربيع | ||
| 504 | _aيشتمل على ارجاعات ببليوجرافية (ص 327-354) | ||
| 651 | 4 |
_aمنطقة البحر الاحمر _xالعلاقات الخارجية _zالبرتغال |
|
| 651 | 4 |
_aمنطقة البحر الاحمر _xتاريخ |
|
| 651 | 7 |
_aالبرتغال _xالعلاقات الخارجية _zمنطقة البحر الاحمر |
|
| 902 | _a2 | ||
| 905 |
_aايمان ع _eمراجع |
||
| 905 |
_aجمال _eمدخل |
||
| 942 |
_2ddc _cBK |
||
| 999 |
_c86952 _d86952 |
||